Nigerian journal of fisheries (Record no. 38542)

MARC details
000 -LEADER
fixed length control field 00506nam a2200169Ia 4500
022 ## - INTERNATIONAL STANDARD SERIAL NUMBER
ISSN 1597443X
050 ## - CALL MARK
Classification number QL 635.N5 .N54/
245 #0 - TITLE STATEMENT
Title Nigerian journal of fisheries
260 ## - PUBLICATION, DISTRIBUTION, ETC. (IMPRINT)
Place of publication Apapa, Lagos
260 ## - PUBLICATION, DISTRIBUTION, ETC. (IMPRINT)
Name of publisher Fisheries Society of Nigeria (FISON)
260 ## - PUBLICATION, DISTRIBUTION, ETC. (IMPRINT)
Year of publication 2010
300 ## - PHYSICAL DESCRIPTION
Number of Pages v. , 125 p. : ill. ; 21 cm.
650 ## - SUBJECT ADDED ENTRY--TOPICAL TERM
Topical Term Fishes--Research--Nigeria--Periodicals. Fisheries--Research--Nigeria--Periodicals.
942 ## - ADDED ENTRY ELEMENTS (KOHA)
Koha item type Serials

No items available.